Symbolic computation of electromagnetics with maxima (Record no. 35194)

MARC details
000 -LEADER
fixed length control field 00462nam a2200181Ia 4500
020 ## - INTERNATIONAL STANDARD BOOK NUMBER
ISBN 9789785270426
050 ## - CALL MARK
Classification number QC 760.4 M37 A696/
100 ## - STATEMENT OF RESPONSIBILITY--MAIN AUTHOR NAME
Personal name Ari, Niyazi
245 #0 - TITLE STATEMENT
Title Symbolic computation of electromagnetics with maxima
260 ## - PUBLICATION, DISTRIBUTION, ETC. (IMPRINT)
Place of publication Abuja
260 ## - PUBLICATION, DISTRIBUTION, ETC. (IMPRINT)
Name of publisher NTNU Publication
260 ## - PUBLICATION, DISTRIBUTION, ETC. (IMPRINT)
Year of publication 2014
300 ## - PHYSICAL DESCRIPTION
Number of Pages 93 p
650 ## - SUBJECT ADDED ENTRY--TOPICAL TERM
Topical Term Computation - electromagnetics
942 ## - ADDED ENTRY ELEMENTS (KOHA)
Koha item type Books
Holdings
Withdrawn status Lost status Source of classification or shelving scheme Damaged status Not for loan Permanent Location Current Location Shelving location Date acquired Accession Number Price effective from Koha item type
    Library of Congress Classification     NILE UNIVERSITY OF NIGERIA - MAIN LIBRARY NILE UNIVERSITY OF NIGERIA - MAIN LIBRARY Items on shelf 04/23/2025 0011763 04/23/2025 Books